| 000 | 00612nam a2200265 a 4500 | ||
|---|---|---|---|
| 001 | nice12345678 | ||
| 003 | IN_TiNIC | ||
| 005 | 20260116012428.0 | ||
| 008 | 050524s1985 hyda grp 000 0 urd | ||
| 020 |
_a _c10 |
||
| 082 | 0 | 0 |
_a954.035 _bAKH |
| 100 | _aAkhtar, Wajidi | ||
| 245 | _aMeri Do Ankhen | ||
| 260 |
_aHyderabad _bHussami Book Depot _c1985 |
||
| 300 | _a128p | ||
| 500 | _aincludes index and biblioraphy | ||
| 505 | 2 | _aIndex | |
| 650 | _aIndia-History | ||
| 650 | _aIndia-Nizams | ||
| 650 | _aNizams | ||
| 700 | 1 | _aAkhtar, Wajidi | |
| 902 | _bSRS | ||
| 942 | _cBK | ||
| 999 |
_c6992 _d6992 |
||